Rozsypanka literowa - kolory - Statystyki

Ogólne statystyki
  • Ten quiz został rozwiązany 234 razy
  • Średni wynik to 14 z 15
Statystyki odpowiedzi
Hint Odpowiedź % Poprawnych
łyiba biały
100%
yzboąwr brązowy
99%
mpwoarńazcy pomarańczowy
99%
wyórżo różowy
99%
lezioyn zielony
99%
yłzot złoty
99%
łżytó żółty
99%
ryzcan czarny
98%
iofteowyl fioletowy
98%
bewżyo beżowy
97%
oywzecrn czerwony
97%
ryzsa szary
97%
rrbseny srebrny
94%
beinsiike niebieski
92%
yogind indygo
65%
Nie znaleziono quizów pasujących do podanych kryteriów
Rozkład punktacji
Procent ludzi z każdym wynikiem
Percentyl według liczby udzielonych odpowiedzi
Twoja historia wyników
Nie rozwiązałeś tego quizu